000 01100nam a2200289Ia 4500
001 56015
005 20230410120905.0
008 070315s2006 mx b 000 0 spa d
035 _a(OCoLC)ocm85870690
040 _aUIA
_bspa
_cUIA
035 _a(OCoLC)85870690
050 1 4 _aJA 86
_bE79.2006
245 0 3 _aEl estudio de la nueva ciencia política :
_bperspectivas generales /
_ccoordinadores Juan de Dios Pineda, Thalía Fung, Enrique Mendoza Velázquez.
260 _aMéxico :
_bUniversidad de la Habana :
_bBenemérita Sociedad Mexicana de Geografâia y Estadística :
_bGobierno del Estado de México,
_c2006.
300 _a331 p. ;
_c22 cm.
440 0 _aSerie el estudio de la nueva ciencia polâitica ;
_v3
504 _aIncluye bibliografía.
650 4 _aCiencia política
_xInvestigaciún.
650 4 _aAdministración pública
_xInvestigación.
650 4 _aCiencia política
_xFilosofía.
700 1 _aPineda Guadarrama, Juan de Dios.
700 1 _aFung, Thalía.
700 1 _aMendoza Velázquez, Enrique.
942 _2lcc
_cbk
946 _aclperez
994 _aC0
_bDRFGD
999 _c53870
_d53870